01657nam a2200361 i 4500001001000000003000900010005001700019007000300036008004100039040003000080082001400110100002500124245022000149264003400369300004000403336002700443337003300470338002800503500011300531590002700644700003300671700003900704700003200743700003600775700003400811700004100845700003400886710008800920910001401008942001301022952024301035999001701278000046213DO-SdBNP20240131122552.0ta110222s1986 dr a 000 0 spa d aDO-SdBNPbspacBNPHUerda bC397c222 aMones, Belkis95211110aCon trabajo de mujer :bcondiciones de vida de la mujer rural /cBelkis Mones, Pastora Hernández, Lidia Grant, Milagros Dottin, Amparo Arango y otros ; asesoría Carmen Diana Deere ; redacción Margarita Cordero 1aSanto Domingo :bCIPAFc1986. a45 Páginasbilustracionesc22 cm. 2rdacontentatextobtxt 2rdamediaasin mediaciónbn 2rdacarrieravolumenbnc aTexto basado en el informe final del estudio "La mujer rural Dominicana" realizado Francis Pou, coordinadora aInventariado, 2024/ YL1 aMones, Belkis952111eautora1 aHernández, Pastoraeautora925681 aGrant, Lidiaeautora9521101 aDottin, Milagroseautora9521081 aArango, Amparoeautora9521071 aFernández, Brinellaeautora9521091 aRosado, Tarasyeautora9848232 aCentro de Investigación para la Acción Femenina (República Dominicana)974250 aYLockward 2ddccLF2 00102ddc51708PDaBNPHUbBNPHUcCTd2014-06-02eChiqui Vicioso/Fidelio DespradeliLF1l0oBNPHU PD C397cp46213-10r2020-06-25w2020-06-25yLF2zPerteneció a la biblioteca personal de Chiqui Vicioso / Fidelio Despradel.ZNo se presta c45702d45702